Polyfunkčný objekt Kamenné námestie, Bratislava

Saved in:
Bibliographic Details
Main Author: Harčarufková, Zuzana (Author)
Other Authors: Skoček, Iľja (Thesis advisor)
Format: Manuscript Book
Language:Slovak
Published: 2024
Subjects:
Online Access:http://is.stuba.sk/zp/portal_zp.pl?podrobnosti=177661
https://opac.crzp.sk/?fn=detailBiblioForm&sid=9A7D98113A4E7D6F03AB77A0EB46
Tags: Add Tag
No Tags, Be the first to tag this record!

MARC

LEADER 00000ntm a22000003a 4500
001 stuzp100411
003 SK-STU
005 20240909135135.9
007 ta
008 150427s2015----xo-----f-mn---000-0-slo-d
040 |a STU  |b slo 
041 0 |a slo 
100 1 |a Harčarufková, Zuzana  |u 010310  |k Z4  |4 aut  |U SvF Stavebná fakulta  |T SvF Katedra architektúry  |X 98138  |U V181|V310  |Y 19  |7 98138 
242 0 1 |a Multipurpose house Kamenné námestie, Bratislava  |y eng 
245 1 0 |a Polyfunkčný objekt Kamenné námestie, Bratislava 
260 |c 2024 
650 4 |a Bratislava  |2 slo 
650 4 |a Staré Mesto  |2 slo 
650 4 |a Kamenné námestie  |2 slo 
650 4 |a polyfunkčný objekt  |2 slo 
650 4 |a bývanie  |2 slo 
650 4 |a zacelenie  |2 slo 
650 4 |a funkčnosť  |2 slo 
650 4 |a Bratislava  |2 eng 
650 4 |a Staré Mesto  |2 eng 
650 4 |a Kamenné námestie  |2 eng 
650 4 |a multipurpose house  |2 eng 
650 4 |a housing  |2 eng 
650 4 |a completion  |2 eng 
650 4 |a functionality  |2 eng 
700 1 |a Skoček, Iľja  |u 010310  |k Z8  |4 ths  |U SvF Stavebná fakulta  |T SvF Katedra architektúry  |X 71168  |U V181|V310  |Y 19  |7 71168 
856 4 |u http://is.stuba.sk/zp/portal_zp.pl?podrobnosti=177661 
856 4 |u https://opac.crzp.sk/?fn=detailBiblioForm&sid=9A7D98113A4E7D6F03AB77A0EB46